000 00849nam a2200265Ia 4500
001 41078
005 20240114003404.0
007 ta
008 170810s1964 ii g b000 u u
040 _aCotton College,Assam
082 _a398.9
_bB 288 D
100 _aBarua, Atul Chandra .
240 _aA Treaties on the Aphorisms of Dak Purusha on agricultural Topic. .
245 0 _aDake Bule Shoona Upai /
_cAtul Chandra Barua.
_hTextual Documents
250 _a1st ed /
260 _aGuwahati :
_bState Publication Board ,
_c1964.
500 _a332/Ref/Ass
653 _aFolklore-Assmese Dakar bachan
653 _aDakar Bachan on Agricultural Topics
653 _aReference-Ass
730 _aA Treaties on the Aphorisms of Dak Purusha on agricultural Topic. .
942 _2ddc
_cBK
999 _c41048
_d41048